000 00665nam a2200157 i 4500
001 158161
003 ES-MaACL
005 20230906211034.0
008 990531s1859 fr |||| | fre d
040 _aCYL
_bspa
_cCYL
100 1 _aLove, G. H.
_9129100
245 1 0 _aDes diverses résistances et autres propiétes de la fonte du fer et de l'acier et de l'emploi de ces métaux dans les constructions /
_cpar G. H. Love.
260 _aParis :
_bLibrairie Scientifique, Industrielle et Agricole de Lacroix & Baudry,
_c1859 (
_eLille :
_fImprimerie de E. Reboux)
300 _aXXXI, 360 p., [24] p. de tablas ;
_c24 cm.
852 _aES-MaACL
_jG-11435
_z-- Enc. hol.
999 _c158161
_d158161